[Event "HUN-chT4a 1819"]
[Site "Hungary"]
[Date "2019.01.12"]
[Round "5.1"]
[White "Konczol, Tamas"]
[Black "Korcz, Mate"]
[Result "1-0"]
[WhiteElo "1523"]
[BlackElo "1133"]
[PlyCount "75"]
[EventDate "2018.10.06"]
[EventType "team-tourn"]
[EventRounds "9"]
[EventCountry "HUN"]
[SourceTitle "EXT 2020"]
[Source "ChessBase"]
[SourceDate "2019.10.17"]
[SourceVersion "1"]
[SourceVersionDate "2019.10.17"]
[SourceQuality "1"]
[WhiteTeam "Lovo Sopron"]
[BlackTeam "KSE Level II"]
[WhiteTeamCountry "HUN"]
[BlackTeamCountry "HUN"]

1. e4 e5 2. f4 exf4 3. Bc4 Qh4+ 4. Kf1 Bc5 5. d4 Bb6 6. Nf3 Qh5 7. Bxf4 Nf6 8. Qd3 Qg4 9. Bxf7+ Kxf7 10. Ne5+ Ke8 11. Nxg4 Nxg4 12. h3 Nf6 13. Nd2 Rf8 14. Nf3 Nc6 15. c3 d5 16. e5 Nh5 17. Bh2 Bf5 18. Qe3 Be4 19. Ke2 Nxe5 20. Bxe5 Kd7 21. Rhf1 Rae8 22. Qg5 Nf4+ 23. Bxf4 Bxf3+ 24. Kxf3 c5 25. Qxd5+ Kc8 26. Qd6 Rf7 27. dxc5 Bc7 28. Qxc7+ Rxc7 29. Bxc7 Kxc7 30. b4 Re6 31. c4 Kc6 32. a4 a6 33. g4 g5 34. Rae1 Rf6+ 35. Kg3 Rg6 36. Rf7 h6 37. Ree7 b5 38. Rc7# 1-0

[Event "HUN-chT4 1718"]
[Site "Hungary"]
[Date "2018.04.14"]
[Round "8.35"]
[White "Korcz, Mate"]
[Black "Szanto, Daniel"]
[Result "1-0"]
[WhiteElo "1114"]
[BlackElo "1091"]
[PlyCount "43"]
[EventDate "2017.10.28"]
[EventType "team-tourn"]
[EventRounds "9"]
[EventCountry "HUN"]
[SourceTitle "EXT 2020"]
[Source "ChessBase"]
[SourceDate "2019.10.17"]
[SourceVersion "1"]
[SourceVersionDate "2019.10.17"]
[SourceQuality "1"]

1. e4 e5 2. Nf3 Nc6 3. Bc4 Bc5 4. 0-0 d6 5. h3 Nf6 6. d3 h6 7. a3 0-0 8. b4 Bb6 9. Nc3 Nd4 10. Nxd4 Bxd4 11. Bd2 b6 12. Qf3 Bxc3 13. Bxc3 c5 14. b5 a5 15. Rad1 Bb7 16. Qg3 Qe8 17. Bd2 Kh8 18. f4 exf4 19. Bxf4 d5 20. Bxh6 gxh6 21. Rxf6 Kh7 22. Qh4 1-0

[Event "Level op-B 4th"]
[Site "Level"]
[Date "2016.03.13"]
[Round "7"]
[White "Korcz, Mate"]
[Black "Farkas, Roland"]
[Result "1-0"]
[WhiteElo "1176"]
[BlackElo "1329"]
[PlyCount "27"]
[EventDate "2016.03.11"]
[EventType "swiss"]
[EventRounds "9"]
[EventCountry "HUN"]
[SourceTitle "EXT 2017"]
[Source "ChessBase"]
[SourceDate "2016.10.25"]
[SourceVersion "1"]
[SourceVersionDate "2016.10.25"]
[SourceQuality "1"]

1. e4 e6 2. d4 d5 3. Nc3 Nf6 4. e5 Nfd7 5. Nf3 c5 6. dxc5 Bxc5 7. Bb5 Qb6 8. 0-0 a6 9. Bxd7+ Bxd7 10. Ng5 0-0 11. Qg4 Nc6 12. Nxh7 Nxe5 13. Nf6+ Kh8 14. Qh5# 1-0

[Event "Level op-B 4th"]
[Site "Level"]
[Date "2016.03.13"]
[Round "6"]
[White "Szell, Veronika"]
[Black "Korcz, Mate"]
[Result "1-0"]
[WhiteElo "1285"]
[BlackElo "1176"]
[PlyCount "149"]
[EventDate "2016.03.11"]
[EventType "swiss"]
[EventRounds "9"]
[EventCountry "HUN"]
[SourceTitle "EXT 2017"]
[Source "ChessBase"]
[SourceDate "2016.10.25"]
[SourceVersion "1"]
[SourceVersionDate "2016.10.25"]
[SourceQuality "1"]

1. e4 g6 2. Nf3 Bg7 3. d4 d6 4. h3 b6 5. Bd3 e5 6. d5 c6 7. dxc6 Nxc6 8. Bb5 Nge7 9. Bxc6+ Nxc6 10. Qd5 Qd7 11. 0-0 0-0 12. Nc3 Ba6 13. Re1 Nb4 14. Qd2 f5 15. exf5 Qxf5 16. Ne4 d5 17. Qxb4 dxe4 18. Qxe4 Qxe4 19. Rxe4 Rae8 20. Bd2 Bb7 21. Ra4 a5 22. Be3 Bxf3 23. gxf3 Re6 24. f4 exf4 25. Rxf4 Rxf4 26. Bxf4 Bxb2 27. Rb1 Bd4 28. Rd1 Bf6 29. Bc7 Re8 30. Bxb6 Rf8 31. Bxa5 Kg7 32. Rd7+ Kh6 33. Bd2+ g5 34. c4 Rc8 35. Rd6 Kg6 36. Bc3 Rf8 37. c5 Kg7 38. Bb4 Be7 39. Rd7 Kf6 40. Rc7 Bd8 41. Rc6+ Ke5 42. Rc8 Re8 43. a4 Ke6 44. c6 Kf7 45. a5 Bxa5 46. Rxe8 Kxe8 47. Bxa5 h5 48. c7 Kd7 49. Kg2 h4 50. Bd2 Kxc7 51. Bxg5 Kd7 52. Bxh4 Ke8 53. f4 Kf8 54. Be1 Kg8 55. f5 Kg7 56. Kg3 Kf7 57. Kg4 Kf6 58. Kf4 Ke7 59. h4 Kf7 60. h5 Kg7 61. Kg5 Kg8 62. Kg6 Kh8 63. Bc3+ Kg8 64. h6 Kf8 65. h7 Ke7 66. h8Q Kd7 67. f6 Ke6 68. f7 Kd5 69. f8Q Kc4 70. Qd4+ Kb5 71. Qf5+ Kc6 72. Qdf6+ Kc7 73. Ba5+ Kb8 74. Qb6+ Ka8 75. Qc8# 1-0

[Event "Level op-B 4th"]
[Site "Level"]
[Date "2016.03.11"]
[Round "1"]
[White "Korcz, Mate"]
[Black "Nemeth, Zoltan"]
[Result "0-1"]
[WhiteElo "1176"]
[BlackElo "1408"]
[PlyCount "38"]
[EventDate "2016.03.11"]
[EventType "swiss"]
[EventRounds "9"]
[EventCountry "HUN"]
[SourceTitle "EXT 2017"]
[Source "ChessBase"]
[SourceDate "2016.10.25"]
[SourceVersion "1"]
[SourceVersionDate "2016.10.25"]
[SourceQuality "1"]

1. e4 e5 2. Nf3 d6 3. Bc4 Be7 4. 0-0 Nc6 5. Nc3 Bg4 6. h3 Bh5 7. Qe1 Bxf3 8. gxf3 Nd4 9. Qe3 Nxc2 10. Qe2 Nxa1 11. f4 Bf6 12. fxe5 Bxe5 13. Qh5 g6 14. d3 gxh5 15. Nd5 Nf6 16. Nxf6+ Qxf6 17. f4 Rg8+ 18. Kh1 Qh4 19. Be3 Qxh3# 0-1